00475 a2200205 4500260001000000100002000010700001900030440000700049260001200056245003000068260000900098300001600107130000800123440003200131035001000163035001000173500005000183020001800233020001800251 aParis aLUXEMBOURG,Rosa aPETIT, Iréne n11 bMaspero aL'accumulation du capital c1976 b2v. ; 22 cm lFr. a(Bibilothèque socialiste) a01466 a01469 aTitre origial : Die akkumulation des Kapitals a2-7071-0174-5 a2-7071-0175-3